Statistiques concernant Culture Générale - Série 386

Cliquez ici pour prendre le quiz!

Statistiques générales

  • Ce quiz a été pris 90 fois
  • Le résultat moyen est 7 sur 10

Statistiques - réponses

QuestionRéponse% Correct
Quel arbre d'Afrique tropicale, à tronc énorme, s'écrit avec 3 "B" ?Le baobab
94%
Quel ancien footballeur professionnel joue son propre rôle dans le film "Looking For Eric" ?Eric Cantona
93%
Quel est le pays d'origine de la soupe minestrone ?L'Italie
93%
Dans quelle ville espagnole réside "le barbier" de Beaumarchais ?Séville
91%
Quel fruit pouvant être plantain pousse en régime ?La banane
90%
A l'exception de polyglotte, comment qualifie-t-on une personne qui parle parfaitement deux langues ?Bilingue
86%
Quelle actrice est la mère de Chiara Mastroianni ?Catherine Deneuve
63%
Quel groupe des années soixante-dix a interprété le tube "J'ai encore rêvé d'elle" ?Il était une fois
53%
Dans une de ses chansons, en pensant à qui Georges Brassens ne bande-t-il plus ?Lulu
51%
Selon le titre d'une de ses chansons, quel chanteur d'origine italienne trouve que "Toutes les femmes sont belles" ?Frank Michael
14%

Distribution des résultats

Percentile par nombre de réponses

% des personnes avec chaque résultat

Votre développement - résultats

Vous n’avez pas pris ce quiz